| 000 | 01522cab a2200229 4500 | ||
|---|---|---|---|
| 001 | E2787 | ||
| 008 | 090401t1997 xxu||||| |||| 00| 0 eng d | ||
| 035 | _a(Sirsi) u40963 | ||
| 041 | _aeng | ||
| 245 | _aBalfour Beatty Ltd v Britannia Life Ltd | ||
| 260 | _c1997 | ||
| 350 | _a0 | ||
| 490 |
_aScots Law Times _v1997 SLT 10-24(23) |
||
| 520 | _aOuter House. Lord Penrose. 14 December 1994. Contract - building contract - construction - retention of money - money deducted from sums certified as payable to be held by employer as trustee for management contractor and any works contractor - termination of contract on insolvency of management contractor - whther works contractors entitled to payment of money retained or to have sums appropriated and set aside for their exclusive benefit - whether trust created. Trust - construction - building contract - retention money - money deducted from sums certified as payable to be held by employer as trustee for management contractor and any works contractor - termination of contract on insolvency of management contractor - whether contractors in redevelopment entitled to payment of money retained or have sums appropriated and set aside for their exclisive benefit - whether trust created. | ||
| 650 | _aBALFOUR BEATTY LTD V BRITANNIA LIFE LTD | ||
| 650 | _aBUILT ENVIRONMENT-BUILDING CONTRACT FORMS | ||
| 650 | _aMANAGEMENT CONTRACTING | ||
| 650 | _aMANAGEMENT CONTRACTS | ||
| 690 | _aBUILDING AND CONSTRUCTION-CASE LAW | ||
| 942 | _n0 | ||
| 948 | _c04/03/1997 | ||
| 999 |
_c26277 _d26277 |
||